000 00734nam a2200217Ia 4500
003 GCL
005 20240530101905.0
008 140319s9999 xx 000 0 ara d
040 _aGCL /
_cGCL
082 0 4 _a350.101
_bم ن
100 0 _aمجدى عزيز جرس
245 1 0 _aنظام ترتيب الوظائف بين النظرية والتطبيق فى القطاع الحكومى /
_cمجدى عزيز جرس
260 _a[S.N] :
_bالهيئة المصرية العامة للكتاب ،
_c1992
300 _a575 ص
650 0 4 _aنظريات
650 0 4 _aالاجتماع
650 0 4 _aالادارة العامة
650 0 4 _aادارة الافراد
650 0 4 _aالقطاع الحكومى
942 _2ddc
_cBK
999 _c28498
_d28498